VALUATION FOR MERGERS BUYOUTS AND RESTRU (Record no. 4954)
[ view plain ]
| 000 -LEADER | |
|---|---|
| fixed length control field | 00337nam a2200121Ia 4500 |
| 008 - FIXED-LENGTH DATA ELEMENTS--GENERAL INFORMATION | |
| fixed length control field | 240624s9999 xx 000 0 und d |
| 041 ## - LANGUAGE CODE | |
| Language code of text/sound track or separate title | eng |
| 082 ## - DEWEY DECIMAL CLASSIFICATION NUMBER | |
| Classification number | 658.1 ARZ |
| 100 ## - MAIN ENTRY--PERSONAL NAME | |
| Personal name | ARZAC ENRIQUE R |
| 245 ## - TITLE STATEMENT | |
| Title | VALUATION FOR MERGERS BUYOUTS AND RESTRU |
| 260 ## - PUBLICATION, DISTRIBUTION, ETC. | |
| Date of publication, distribution, etc. | 2005 |
| Place of publication, distribution, etc. | New Delhi |
| Name of publisher, distributor, etc. | John Wiley and Sons |
| 300 ## - PHYSICAL DESCRIPTION | |
| Extent | xiv, : 281 : p. : cm. ; 23 |
| Withdrawn status | Lost status | Damaged status | Not for loan | Home library | Current library | Shelving location | Date acquired | Total Checkouts | Full call number | Barcode | Date last seen | Date last checked out | Price effective from | Koha item type |
|---|---|---|---|---|---|---|---|---|---|---|---|---|---|---|
| IMTN | IMTN | Rack 20-B | 03/16/2007 | 1 | 658.1 ARZ | 4954 | 10/11/2024 | 09/29/2024 | 06/24/2024 | Books |